Music Quiz

Random Music or Song Quiz

Elvis Costello Songs 1977-1989 Quiz Stats

 Plays Quiz not verified by Sporcle

Score 0/270 Timer 20:00
0 Plays Today
Album Song % Correct
My Aim Is TrueAlison
98.7%
Girls Girls Girls (Continued)Alison
97.5%
Girls Girls Girls (Continued)Oliver's Army
95.9%
Girls Girls Girls(The Angels Wanna Wear My) Red Shoes
95.4%
My Aim Is True(The Angels Wanna Wear My) Red Shoes
95.4%
Armed ForcesOliver's Army
95.4%
Live At The El MocamboWatching The Detectives
94.8%
Girls Girls GirlsWatching the Detectives
94.8%
Live At The El MocamboPump It Up
94.6%
Live At The El Mocambo(I Don't Want To Go To) Chelsea
94.6%
Live At The El MocamboWelcome To The Working Week
94.6%
Girls Girls Girls(I Don't Want to Go to) Chelsea
94.6%
Girls Girls GirlsPump It Up
94.6%
Live At The El MocamboRadio, Radio
94.4%
Girls Girls GirlsAccidents Will Happen
94.4%
Live At The El MocamboLess Than Zero
93.2%
Girls Girls GirlsGreen Shirt
93.2%
Girls Girls Girls (Continued)Almost Blue
93.2%
My Aim Is TrueWelcome to the Working Week
93.1%
Girls Girls GirlsThis Year's Girl
92.3%
This Year's Model(I Don't Want To Go To) Chelsea
91.7%
Live At The El MocamboLipstick Vogue
91.7%
Girls Girls GirlsLipstick Vogue
91.7%
Live At The El MocamboMystery Dance
91.5%
Girls Girls GirlsMystery Dance
91.5%
My Aim Is TrueLess Than Zero
91.2%
Live At The El MocamboWaiting For The End Of The World
91.1%
Live At The El MocamboThe Beat
90.9%
Girls Girls GirlsNew Amsterdam
90.7%
Spike Veronica
90.5%
Girls Girls Girls (Continued)Clubland
90.2%
This Year's ModelPump It Up
90.2%
Armed ForcesGreen Shirt
90.2%
Armed ForcesAccidents Will Happen
89.6%
My Aim Is TrueWaiting for the End of the World
89.3%
This Year's ModelLipstick Vogue
89.3%
My Aim Is TrueMystery Dance
89.1%
Non Album Singles, B-Sides and Compilation Tracks 1977-1989Radio, Radio
88.9%
Live At The El MocamboLip Service
88.8%
Girls Girls GirlsMan Out of Time
88.8%
Girls Girls GirlsHigh Fidelity
88.6%
Girls Girls GirlsBeyond Belief
88.4%
Blood & ChocolateI Want You
88%
My Aim Is TrueBlame It on Cain
87.9%
Taking Liberties/Ten Bloody Marys & Ten How's Your Fathers(I Don't Want to Go to) Chelsea
87.9%
Live At The El MocamboLittle Triggers
87.8%
Girls Girls GirlsNew Lace Sleeves
87.8%
Get Happy!! I Can't Stand Up For Falling Down
87.7%
King of AmericaBrilliant Mistake
87.6%
Girls Girls GirlsBrilliant Mistake
87.6%
Girls Girls Girls (Continued)Riot Act
87.6%
This Year's ModelThis Year's Girl
87.5%
This Year's ModelThe Beat
87.5%
Girls Girls Girls (Continued)I Want You (single version)
87.3%
Girls Girls Girls (Continued)Shipbuilding
87.1%
This Year's ModelNo Action
86.8%
King of AmericaAmerican Without Tears
86.7%
Armed ForcesTwo Little Hitlers
86.6%
Live At The El MocamboYou Belong To Me
86.3%
Imperial BedroomAlmost Blue
86.2%
Punch the ClockEveryday I Write The Book
86.2%
My Aim Is TrueNo Dancing
86%
This Year's ModelLip Service
86%
Live At The El MocamboMiracle Man - Band Introduction
85.9%
Get Happy!! New Amsterdam
85.2%
Trust Clubland
85.2%
Girls Girls Girls (Continued)Shabby Doll
84.9%
Get Happy!! Love For Tender
84.8%
Girls Girls Girls (Continued)Pills and Soap
84.6%
This Year's ModelLiving In Paradise
84.5%
King of AmericaDon't Let Me Be Misunderstood
84.4%
Girls Girls GirlsKing Horse
84.4%
Girls Girls Girls (Continued)Watch Your Step
84.4%
This Year's ModelNight Rally
84.3%
This Year's ModelLittle Triggers
84.1%
My Aim Is TruePay It Back
83.9%
This Year's ModelHand In Hand
83.9%
Armed ForcesSenior Service
83.9%
Get Happy!! Opportunity
83.9%
Girls Girls GirlsLover's Walk
83.8%
My Aim Is TrueMiracle Man
83.7%
My Aim Is TrueI'm Not Angry
83.7%
Armed ForcesMoods for Moderns
83.7%
Armed ForcesChemistry Class
83.7%
King of AmericaSuit Of Lights
83.6%
Blood & ChocolateUncomplicated
83.4%
Out of Our IdiotBig Sister
83.4%
Get Happy!! High Fidelity
83.3%
This Year's ModelYou Belong to Me
83.1%
King of AmericaIndoor Fireworks
83%
Album Song % Correct
Girls Girls GirlsTemptation
83%
King of AmericaEisenhower Blues
82.8%
Almost BlueA Good Year For The Roses
82.7%
Blood & ChocolateBlue Chair
82.4%
Out of Our IdiotBlue Chair
82.4%
Blood & ChocolateTokyo Storm Warning
82.2%
Imperial BedroomMan Out Of Time
82.1%
My Aim Is TrueSneaky Feelings
82%
Non Album Singles, B-Sides and Compilation Tracks 1977-1989(What's So Funny 'Bout) Peace, Love, and Understanding
82%
Taking Liberties/Ten Bloody Marys & Ten How's Your FathersNight Rally
82%
Punch the ClockShipbuilding
82%
King of AmericaGlitter Gulch
82%
Girls Girls GirlsStrict Time
82%
Imperial BedroomBeyond Belief
81.8%
Girls Girls Girls (Continued)Tokyo Storm Warning
81.7%
Armed ForcesGoon Squad
81.6%
Get Happy!! Possession
81.6%
Get Happy!! Clowntime Is Over
81.6%
King of AmericaLovable
81.5%
Girls Girls GirlsLovable
81.5%
Get Happy!! Black & White World
81.4%
King of AmericaJack of All Parades
81.3%
Girls Girls Girls (Continued)Men Called Uncle
81.3%
Get Happy!! King Horse
81.2%
Trust New Lace Sleeves
81.2%
King of AmericaSleep Of The Just
81.1%
King of AmericaThe Big Light
81.1%
Blood & ChocolateI Hope You're Happy Now
81.1%
Girls Girls GirlsI Hope You're Happy Now
81.1%
Armed ForcesParty Girl
80.8%
Get Happy!! 5ive Gears in Reverse
80.6%
Get Happy!! Riot Act
80.6%
Armed ForcesSunday's Best
80.4%
King of AmericaLittle Palaces
80.3%
Taking Liberties/Ten Bloody Marys & Ten How's Your FathersClowntime Is Over (Version 2)
80.2%
King of AmericaOur Little Angel
80.1%
Blood & ChocolateBattered Old Bird
80.1%
Taking Liberties/Ten Bloody Marys & Ten How's Your FathersSunday's Best
79.7%
Trust Luxembourg
79.7%
Armed ForcesBig Boys
79.5%
Taking Liberties/Ten Bloody Marys & Ten How's Your FathersBlack and White World (Demo version)
79.5%
Get Happy!! The Imposter
79.3%
Imperial BedroomShabby Doll
79.1%
Spike (You're Nobody Till Everybody in) This Town (Thinks You're a Bastard)
79%
Trust Watch Your Step
78.9%
Spike Let Him Dangle
78.8%
Get Happy!! Motel Matches
78.7%
Trust From a Whisper to a Scream
78.7%
Imperial BedroomTown Cryer
78.7%
Get Happy!! Men Called Uncle
78.5%
Trust Big Sister's Clothes
78.3%
Punch the ClockT.K.O. (Boxing Day)
78.3%
Blood & ChocolateNext Time Round
78.2%
Punch the ClockPills And Soap
78.1%
Spike Pads, Paws and Claws
78%
Girls Girls GirlsThe Loved Ones
78%
Get Happy!! Temptation
77.9%
King of AmericaI'll Wear It Proudly
77.8%
Blood & ChocolateCrimes Of Paris
77.8%
Spike Tramp the Dirt Down
77.6%
Trust Lovers Walk
77.5%
Imperial BedroomYou Little Fool
77.5%
Get Happy!! Secondary Modern
77.4%
Trust Fish 'n' Chip Paper
77.4%
Girls Girls Girls (Continued)Poisoned Rose
77.2%
Get Happy!! I Stand Accused
77.2%
Imperial BedroomHuman Hands
77.2%
Punch the ClockLet Them All Talk
77.2%
Imperial BedroomThe Long Honeymoon
77%
Imperial BedroomPidgin English
77%
King of AmericaPoisoned Rose
77%
Blood & ChocolateHome Is Anywhere You Hang Your Head
77%
Girls Girls GirlsBig Tears
77%
Get Happy!! B Movie
76.8%
Blood & ChocolatePoor Napoleon
76.6%
Blood & ChocolateHoney, Are You Straight or Are You Blind?
76.3%
Spike Satellite
76.3%
Imperial BedroomTears Before Bedtime
76.2%
Spike God's Comic
76.1%
Trust You'll Never Be a Man
76%
Punch the ClockThe World And His Wife
76%
Trust Strict Time
75.8%
Imperial Bedroom...And In Every Home
75.8%
Goodbye Cruel World I Wanna Be Loved
75.2%
Spike Deep Dark Truthful Mirror
74.9%
Get Happy!! Human Touch
74.9%
Goodbye Cruel World The Only Flame In Town
74.9%
Armed ForcesBusy Bodies
74.7%
Trust Shot With His Own Gun
74.5%
Almost BlueWhy Don't You Love Me (Like You Used to Do)?
74.3%
Album Song % Correct
Trust DIfferent Finger
74.1%
Imperial BedroomBoy With A Problem
74.1%
Out of Our IdiotImperial Bedroom
74.1%
Goodbye Cruel World Peace In Our Time
73.9%
Imperial BedroomLittle Savage
73.7%
Goodbye Cruel World The Comedians
73.7%
Spike Stalin Malone
73.7%
Imperial BedroomKid About It
73.5%
Almost BlueI'm Your Toy
73.1%
Punch the ClockThe Greatest Thing
72.7%
Goodbye Cruel World Love Field
72.7%
Trust Pretty Words
72.6%
Trust White Knuckles
72.6%
Spike Miss Macbeth
72.4%
Out of Our IdiotSeven Day Weekend
72.2%
Get Happy!! Beaten to the Punch
72.2%
Almost BlueSweet Dreams
72.2%
Imperial BedroomThe Loved Ones
72.2%
Spike Last Boat Leaving
72%
Goodbye Cruel World Joe Porterhouse
71.8%
Out of Our IdiotAmerican Without Tears No. 2
71.8%
Spike Coal-Train Robberies
71.8%
Taking Liberties/Ten Bloody Marys & Ten How's Your FathersBig Tears
71.6%
Spike Chewing Gum
71.6%
Non Album Singles, B-Sides and Compilation Tracks 1977-1989Coal Train Robberies (B-Side of Veronica)
71.6%
Spike Baby Plays Around
71.4%
Almost BlueHow Much I Lied
71%
Goodbye Cruel World Sour Milk-Cow Blues
71%
Punch the ClockThe Invisible Man
70.8%
Spike Any King's Shilling
70.5%
Almost BlueTonight the Bottle Let Me Down
70.2%
Out of Our IdiotHeathen Town
70.1%
Almost BlueBrown To Blue
70.1%
Punch the ClockThe Element Within Her
70.1%
Out of Our IdiotBlack Sails In The Sunset
69.9%
Out of Our IdiotWalking on Thin Ice
69.9%
Punch the ClockLove Went Mad
69.9%
Punch the ClockCharm School
69.9%
Punch the ClockKing of Thieves
69.9%
Goodbye Cruel World Room With No Number
69.9%
Goodbye Cruel World The Deportees Club
69.9%
Punch the ClockMouth Almighty
69.7%
Non Album Singles, B-Sides and Compilation Tracks 1977-1989Crawling to the U.S.A. (From Americathon)
69.5%
Out of Our IdiotThe People's Limousine
69.3%
Taking Liberties/Ten Bloody Marys & Ten How's Your FathersHoover Factory
68.9%
Taking Liberties/Ten Bloody Marys & Ten How's Your FathersMy Funny Valentine
68.9%
Almost BlueHoney Hush
68.3%
Goodbye Cruel World Inch By Inch
68.3%
Almost BlueSuccess
68.1%
Goodbye Cruel World Home Truth
68.1%
Taking Liberties/Ten Bloody Marys & Ten How's Your FathersCrawling to the U.S.A
67.9%
Goodbye Cruel World Worthless Thing
67.8%
Taking Liberties/Ten Bloody Marys & Ten How's Your FathersClean Money
67.2%
Almost BlueSittin' and Thinkin'
67.2%
Out of Our IdiotTurning The Town Red
66.8%
Taking Liberties/Ten Bloody Marys & Ten How's Your FathersGirls Talk
66.8%
Taking Liberties/Ten Bloody Marys & Ten How's Your FathersTalking in the Dark
66.6%
Taking Liberties/Ten Bloody Marys & Ten How's Your FathersDr. Luther's Assistant
66.6%
Taking Liberties/Ten Bloody Marys & Ten How's Your FathersStranger In The House
66.2%
Almost BlueColour Of The Blues
66.2%
Taking Liberties/Ten Bloody Marys & Ten How's Your FathersWednesday Week
66%
Out of Our IdiotBaby's Got A Brand New Hairdo
66%
Goodbye Cruel World The Great Unknown
65.6%
Taking Liberties/Ten Bloody Marys & Ten How's Your FathersGhost Train
65.5%
Almost BlueToo Far Gone
64.9%
Non Album Singles, B-Sides and Compilation Tracks 1977-1989Neat, Neat, Neat (B-Side of Stranger In The House)
63.3%
Out of Our IdiotSo Young
62.7%
Out of Our IdiotBaby It's You
62%
Taking Liberties/Ten Bloody Marys & Ten How's Your FathersRadio Sweetheart
61.8%
Out of Our IdiotShoes Without Heels
60.6%
Out of Our IdiotFrom Head To Toe
60%
Taking Liberties/Ten Bloody Marys & Ten How's Your FathersGetting Mighty Crowded
59.9%
Out of Our IdiotA Town Called Big Nothing
59.8%
Taking Liberties/Ten Bloody Marys & Ten How's Your FathersTiny Steps
58.3%
Non Album Singles, B-Sides and Compilation Tracks 1977-1989I Just Don't Know What to Do with Myself (Live) (From Stiffs Live Stiffs)
58%
Out of Our IdiotThe Flirting Kind
57.7%
Out of Our IdiotThe Stamping Ground
57.3%
Non Album Singles, B-Sides and Compilation Tracks 1977-1989Psycho (From From Hell To Obscurity)
57.1%
Taking Liberties/Ten Bloody Marys & Ten How's Your FathersJust A Memory
56.2%
Out of Our IdiotWithered And Died
55.2%
Out of Our IdiotGet Yourself Another Fool
54.6%
Out of Our IdiotLittle Goody Two Shoes
54.6%
Non Album Singles, B-Sides and Compilation Tracks 1977-1989They'll Never Take Her Love from Me (B-Side of They'll Never Take Her Love from Me)
53.1%
Non Album Singles, B-Sides and Compilation Tracks 1977-1989Ugly Things (B-Side of ...This Town...)
52.7%
Non Album Singles, B-Sides and Compilation Tracks 1977-1989You're No Good (B-Side of Veronica)
52.1%
Non Album Singles, B-Sides and Compilation Tracks 1977-1989Point Of No Return (B-Side of Deep Dark Truthful Mirror)
51.9%
Non Album Singles, B-Sides and Compilation Tracks 1977-1989The End Of The Rainbow (From The Anti-Heroin Project - It's A Live-In World)
50.2%
Non Album Singles, B-Sides and Compilation Tracks 1977-1989Party Party (From Party Party Soundtrack)
50%
Non Album Singles, B-Sides and Compilation Tracks 1977-1989The Room Nobody Lives In (B-Side of Veronica)
49.8%
Non Album Singles, B-Sides and Compilation Tracks 1977-1989Your Angel Steps Out of Heaven (B-Side of Good Year For The Roses)
46.3%

You're not logged in!

Compare scores with friends on all Sporcle quizzes.
OR
Log In

Show Comments

Extras

Top Quizzes Today


Score Distribution

Your Account Isn't Verified!

In order to create a playlist on Sporcle, you need to verify the email address you used during registration. Go to your Sporcle Settings to finish the process.

Report this User

Report this user for behavior that violates our Community Guidelines.

Details: